[Event "World Cities Team GpA"]
[Site "Al-Ain UAE"]
[Date "2012.12.23"]
[Round "2.5"]
[White "Salem, AR."]
[Black "Grandelius, N."]
[Result "1-0"]
[WhiteElo "2536"]
[BlackElo "2583"]
[PlyCount "71"]
[EventDate "2012.12.22"]
[SourceDate "1999.07.01"]
[WhiteTeam "Al Ain"]
[BlackTeam "Lund-Linkoping"]

1. d4 Nf6 2. c4 e6 3. Nc3 Bb4 4. e3 O-O 5. Bd3 c5 6. Nf3 d5 7. O-O dxc4 8. Bxc4
b6 9. a3 Bxc3 10. bxc3 Bb7 11. Re1 Qc7 12. Bd3 Be4 13. Bxe4 Nxe4 14. Qd3 Qb7
15. c4 Nd7 16. Bb2 Rfd8 17. a4 Ndf6 18. Ne5 Rac8 19. Rad1 Qa6 20. Qb3 Nd7 21.
d5 exd5 22. cxd5 c4 23. Qc2 Nxe5 24. Qxe4 Nd3 25. Rxd3 cxd3 26. Qg4 f6 27. Bxf6
Qb7 28. Bxd8 Rxd8 29. e4 b5 30. axb5 Qxb5 31. Rd1 Qc4 32. h3 h6 33. Qf3 Re8 34.
d6 Rxe4 35. d7 Rd4 36. Qa8+ 1-0

[Event "Amplico ch-EUR Rapid"]
[Site "Warsaw POL"]
[Date "2012.12.15"]
[Round "6.2"]
[White "Romanov, E."]
[Black "Naiditsch, A."]
[Result "0-1"]
[WhiteElo "2616"]
[BlackElo "2708"]
[PlyCount "56"]
[EventDate "2012.12.15"]
[SourceDate "1999.07.01"]

1. c4 Nf6 2. Nc3 e6 3. d4 Bb4 4. e3 O-O 5. Nge2 d5 6. cxd5 exd5 7. g3 Re8 8.
Bg2 a5 9. O-O Na6 10. Nf4 c6 11. f3 Nc7 12. g4 Ne6 13. Nce2 Bd6 14. Nxe6 Bxe6
15. Nf4 c5 16. dxc5 Bxc5 17. g5 Nd7 18. Nxd5 Nb6 19. Nxb6 Qxb6 20. f4 Bc4 21.
Rf2 Rad8 22. Qc2 Ba6 23. Bd2 Rxe3 24. Bxe3 Bxe3 25. Be4 g6 26. b3 Rd2 27. Qc8+
Kg7 28. Qc3+ Qd4 0-1

[Event "Amplico ch-EUR Rapid"]
[Site "Warsaw POL"]
[Date "2012.12.15"]
[Round "6.13"]
[White "Gajewski, G."]
[Black "Piorun, K."]
[Result "1-0"]
[WhiteElo "2644"]
[BlackElo "2529"]
[PlyCount "137"]
[EventDate "2012.12.15"]
[SourceDate "1999.07.01"]

1. d4 Nf6 2. c4 e6 3. Nc3 Bb4 4. e3 O-O 5. Bd3 c5 6. Nf3 d5 7. O-O Nc6 8. cxd5
exd5 9. dxc5 Bxc5 10. h3 a6 11. b3 Re8 12. Bb2 Ba7 13. Ne2 Ne4 14. Nf4 Be6 15.
Rc1 Qa5 16. a3 Rad8 17. b4 Qb6 18. Nd4 Bc8 19. Nxc6 bxc6 20. Bd4 Qb7 21. Bxa7
Qxa7 22. Rxc6 Bb7 23. Rc7 Qb6 24. Qc2 d4 25. Qc4 Rf8 26. Re1 Rc8 27. Rxc8 Rxc8
28. Qxd4 Qxd4 29. exd4 Nd6 30. Re7 Kf8 31. Rd7 Rc6 32. d5 Rb6 33. Rd8+ Ke7 34.
Rg8 g6 35. h4 h5 36. Be2 Bc8 37. Nd3 a5 38. Ne5 Bb7 39. Rb8 axb4 40. axb4 Rxb4
41. Nc6+ Bxc6 42. Rxb4 Bxd5 43. g3 Be6 44. Bd1 Bd7 45. f3 Kf8 46. Kf2 Ke7 47.
Ba4 Be6 48. Bb3 Bd7 49. Bd5 Kf6 50. Rb6 Ke7 51. Ra6 Bc8 52. Ra7+ Kf6 53. Ke3
Nf5+ 54. Kf4 Nh6 55. Bc6 Be6 56. Bd7 Bxd7 57. Rxd7 Ke6 58. Ra7 Kf6 59. Ra6+ Kg7
60. g4 hxg4 61. fxg4 Ng8 62. Ke5 Nh6 63. Ra4 Ng8 64. Rc4 Nf6 65. Kd6 Kf8 66.
Rf4 Ne8+ 67. Kd7 Ng7 68. Rf6 Ne6 69. Rxe6 1-0

[Event "Amplico ch-EUR Blitz"]
[Site "Warsaw POL"]
[Date "2012.12.14"]
[Round "3.1"]
[White "Romanov, E."]
[Black "Riazantsev, A."]
[Result "1-0"]
[WhiteElo "2616"]
[BlackElo "2705"]
[PlyCount "67"]
[EventDate "2012.12.14"]
[SourceDate "1999.07.01"]

1. d4 Nf6 2. c4 e6 3. Nc3 Bb4 4. e3 O-O 5. Nge2 d5 6. cxd5 exd5 7. g3 c6 8. Bg2
Re8 9. O-O Bf8 10. Nf4 a5 11. f3 b5 12. g4 Ba6 13. Re1 b4 14. Nce2 Qb6 15. Ng3
c5 16. g5 Nfd7 17. Nxd5 Qa7 18. f4 cxd4 19. exd4 Rxe1+ 20. Qxe1 Nc6 21. Nf6+
Nxf6 22. Bxc6 Rc8 23. Bf3 Nd5 24. Qe5 Ne7 25. Be3 Nc6 26. Qe4 Qd7 27. d5 Ne7
28. Rd1 Ng6 29. d6 Nh4 30. Bh1 Bb5 31. f5 Re8 32. Qf4 g6 33. f6 h6 34. Bf2 1-0

[Event "Amplico ch-EUR Blitz"]
[Site "Warsaw POL"]
[Date "2012.12.14"]
[Round "6.2"]
[White "Romanov, E."]
[Black "Socko, B."]
[Result "0-1"]
[WhiteElo "2616"]
[BlackElo "2631"]
[PlyCount "135"]
[EventDate "2012.12.14"]
[SourceDate "1999.07.01"]

1. c4 Nf6 2. Nc3 e6 3. d4 Bb4 4. e3 O-O 5. Nge2 d5 6. cxd5 exd5 7. g3 c6 8. Bg2
a5 9. O-O Re8 10. Nf4 Na6 11. Nce2 Bf5 12. f3 h6 13. g4 Bh7 14. Ng3 Bd6 15. Bd2
c5 16. Nge2 Qb6 17. Kh1 Nb4 18. dxc5 Bxc5 19. Nd4 Bxd4 20. exd4 Qxd4 21. Bxb4
Qxb4 22. Nxd5 Nxd5 23. Qxd5 Qxb2 24. f4 Rad8 25. Qxb7 Qxb7 26. Bxb7 Be4+ 27.
Bxe4 Rxe4 28. Rf2 Rdd4 29. Raf1 f6 30. h3 Re3 31. Kg2 Ra4 32. Rb2 Raa3 33. Rff2
Rxh3 34. Kf1 Rh1+ 35. Kg2 Rh4 36. Rf3 Rxg4+ 37. Kf2 Ra4 38. f5 Rgb4 39. Rd2 Rd4
40. Rc2 Kh7 41. Kg3 Rg4+ 42. Kf2 h5 43. Rh3 Rgf4+ 44. Rf3 Kh6 45. Kg3 Kg5 46.
Rxf4 Rxf4 47. Rc7 Rg4+ 48. Kh3 Kh6 49. Rc5 Ra4 50. Rc2 Kg5 51. Rg2+ Kxf5 52.
Rxg7 Rxa2 53. Rh7 Kg6 54. Ra7 Ra4 55. Kg3 Kg5 56. Rg7+ Kf5 57. Rh7 h4+ 58. Kh3
Rc4 59. Rh5+ Kg6 60. Rxa5 f5 61. Ra8 Kg5 62. Rg8+ Kf4 63. Kxh4 Kf3+ 64. Kh3 f4
65. Rg2 Rc8 66. Kh2 Rc6 67. Kh3 Rc4 68. Rg3+ 0-1

[Event "Amplico ch-EUR Blitz"]
[Site "Warsaw POL"]
[Date "2012.12.14"]
[Round "7.2"]
[White "Socko, B."]
[Black "Sargissian, G."]
[Result "1/2-1/2"]
[WhiteElo "2631"]
[BlackElo "2666"]
[PlyCount "91"]
[EventDate "2012.12.14"]
[SourceDate "1999.07.01"]

1. d4 Nf6 2. c4 e6 3. Nc3 Bb4 4. e3 O-O 5. Nge2 d5 6. a3 Bd6 7. c5 Be7 8. b4 b6
9. Bb2 a5 10. Nf4 c6 11. Bd3 Nbd7 12. O-O Qc7 13. Nfe2 Ba6 14. f4 Rfb8 15. Rb1
axb4 16. axb4 Bxd3 17. Qxd3 bxc5 18. bxc5 Rb4 19. h3 Rab8 20. Ba3 Rxb1 21. Rxb1
Rxb1+ 22. Qxb1 Qa5 23. Qb3 Qa6 24. Bc1 h5 25. Qa4 Qxa4 26. Nxa4 Bd8 27. Bd2 Ne4
28. Bb4 f6 29. Nec3 Nxc3 30. Bxc3 Kf7 31. Kf2 g6 32. g4 hxg4 33. hxg4 Bc7 34.
Nb2 e5 35. Nd3 exd4 36. exd4 Nb8 37. Kf3 Ke6 38. Ne1 f5 39. g5 Nd7 40. Nc2 Nf8
41. Ke3 Kd7 42. Nb4 Ne6 43. Nd3 Ke8 44. Be1 Kd7 45. Bc3 Ke8 46. Be1 1/2-1/2

[Event "5th Kolkata Open"]
[Site "Kolkata IND"]
[Date "2012.12.11"]
[Round "9.1"]
[White "Vidit, S."]
[Black "Iordachescu, V."]
[Result "1/2-1/2"]
[WhiteElo "2527"]
[BlackElo "2619"]
[PlyCount "28"]
[EventDate "2012.12.03"]
[SourceDate "1999.07.01"]

1. d4 Nf6 2. c4 e6 3. Nc3 Bb4 4. e3 O-O 5. Nge2 d5 6. a3 Bd6 7. Ng3 c5 8. dxc5
Bxc5 9. cxd5 exd5 10. Bd3 Bg4 11. Nce2 Nc6 12. b4 Bd6 13. Bb2 Re8 14. O-O a5
1/2-1/2

[Event "Russia Cup Final 2012"]
[Site "Khanty-Mansiisk RUS"]
[Date "2012.12.05"]
[Round "1.2"]
[White "Romanov, E."]
[Black "Lysyj, I."]
[Result "0-1"]
[WhiteElo "2616"]
[BlackElo "2617"]
[PlyCount "112"]
[EventDate "2012.12.04"]
[SourceDate "1999.07.01"]

1. d4 Nf6 2. c4 e6 3. Nc3 Bb4 4. e3 O-O 5. Nge2 d5 6. cxd5 exd5 7. g3 Re8 8.
Bg2 Bf8 9. O-O b6 10. h3 Bb7 11. g4 Na6 12. Nf4 c6 13. g5 Ne4 14. h4 Nc7 15.
Qc2 Nxc3 16. bxc3 Qd7 17. Bh3 Qd6 18. a4 Qd8 19. Bg2 Qd7 20. Bh3 Qd8 21. Nh5
Bc8 22. Bg2 Bg4 23. Ng3 Qd7 24. f3 Bd6 25. Nh1 Bh3 26. Nf2 Bxg2 27. Kxg2 c5 28.
Ng4 Ne6 29. Qd1 Nf8 30. Qd3 cxd4 31. cxd4 Rac8 32. h5 Qe7 33. f4 Qe6 34. Kg3
Nd7 35. Bd2 f6 36. Kh4 Be7 37. h6 fxg5+ 38. fxg5 gxh6 39. Kh5 Bxg5 40. Qf5 Qg6+
41. Qxg6+ hxg6+ 42. Kxg6 Rc6+ 43. Kh5 Rf8 44. Bb4 Rxf1 45. Rxf1 Kg7 46. Rg1 Kf7
47. Rf1+ Nf6+ 48. Nxf6 Rxf6 49. Rc1 a5 50. Rc7+ Ke8 51. Be7 Rf7 52. Bd6 Bxe3
53. Rc3 Bxd4 54. Rd3 Rf5+ 55. Kg4 Rg5+ 56. Kf4 Kd7 0-1

[Event "Russia Cup Final 2012"]
[Site "Khanty-Mansiisk RUS"]
[Date "2012.12.07"]
[Round "2.2"]
[White "Khairullin, I."]
[Black "Socko, B."]
[Result "1/2-1/2"]
[WhiteElo "2632"]
[BlackElo "2631"]
[PlyCount "79"]
[EventDate "2012.12.04"]
[SourceDate "1999.07.01"]

1. c4 Nf6 2. d4 e6 3. Nc3 Bb4 4. e3 O-O 5. Nge2 d5 6. a3 Be7 7. cxd5 exd5 8. h3
c6 9. g4 Ne8 10. Bg2 f5 11. Nf4 Nd6 12. O-O Na6 13. f3 Nc7 14. e4 dxe4 15. fxe4
fxg4 16. hxg4 Nf7 17. Be3 Bg5 18. e5 Ne6 19. Nce2 Nxf4 20. Nxf4 Be6 21. Qe2
Bxf4 22. Rxf4 Qd7 23. Raf1 Nh6 24. Rxf8+ Rxf8 25. Rxf8+ Kxf8 26. Bxh6 gxh6 27.
Qe3 Ke8 28. b4 Bxg4 29. b5 Be6 30. bxc6 bxc6 31. Kh2 Bd5 32. Bxd5 Qxd5 33. Qxh6
Qxd4 34. Qxc6+ Qd7 35. Qg2 Qe7 36. Qg8+ Qf8 37. Qe6+ Qe7 38. Qg8+ Qf8 39. Qe6+
Qe7 40. Qg8+ 1/2-1/2

[Event "17th Bora Kostic Mem"]
[Site "Vrsac SRB"]
[Date "2012.11.27"]
[Round "7.3"]
[White "Cvitan, O."]
[Black "Bogosavljevic, B."]
[Result "1/2-1/2"]
[WhiteElo "2535"]
[BlackElo "2524"]
[PlyCount "61"]
[EventDate "2012.11.20"]
[SourceDate "1999.07.01"]

1. d4 Nf6 2. c4 e6 3. Nc3 Bb4 4. e3 c5 5. Bd3 O-O 6. Nf3 d5 7. O-O dxc4 8. Bxc4
Nbd7 9. Qe2 b6 10. Rd1 cxd4 11. exd4 Bb7 12. d5 Bxc3 13. dxe6 Bxf3 14. Qxf3 Ne5
15. exf7+ Kh8 16. Rxd8 Nxf3+ 17. gxf3 Raxd8 18. bxc3 Nd5 19. Bg5 Rd7 20. Re1 h6
21. Re5 hxg5 22. Bxd5 Rdxf7 23. Bxf7 Rxf7 24. Kg2 Rc7 25. Rxg5 Rxc3 26. a4 Ra3
27. Rg4 a5 28. Kg3 Rb3 29. h4 Rb4 30. Re4 Kh7 31. Kf4 1/2-1/2

[Event "TCh-CZE Extraliga 2012-13"]
[Site "Czech Republic CZE"]
[Date "2012.12.02"]
[Round "4.1"]
[White "Michalik, P."]
[Black "Swiercz, D."]
[Result "0-1"]
[WhiteElo "2508"]
[BlackElo "2611"]
[PlyCount "62"]
[EventDate "2012.11.03"]
[SourceDate "1999.07.01"]
[WhiteTeam "TZ Trinec"]
[BlackTeam "TJ Tatran Litovel"]

1. d4 Nf6 2. c4 e6 3. Nc3 Bb4 4. e3 O-O 5. Nge2 d5 6. a3 Be7 7. cxd5 exd5 8.
Ng3 Re8 9. Bd3 c5 10. O-O Nc6 11. dxc5 Bxc5 12. b4 Bd6 13. Bb2 Be5 14. Qd2 h5
15. f4 Bc7 16. Na4 d4 17. exd4 h4 18. Ne2 h3 19. Ng3 Nxd4 20. Qf2 hxg2 21. Rfd1
Ne6 22. Bh7+ Nxh7 23. Rxd8 Rxd8 24. Nh5 Rd5 25. f5 Neg5 26. Kxg2 Bxf5 27. Nc3
Bh3+ 28. Kh1 Rf5 29. Qd4 Ne6 30. Qh4 Rxh5 31. Qxh5 Bg2+ 0-1

[Event "WY BU18 2012"]
[Site "Maribor SLO"]
[Date "2012.11.16"]
[Round "9.1"]
[White "Fedoseev, Vl3"]
[Black "Swiercz, D."]
[Result "1/2-1/2"]
[WhiteElo "2509"]
[BlackElo "2611"]
[PlyCount "79"]
[EventDate "2012.11.07"]
[SourceDate "1999.07.01"]

1. d4 Nf6 2. c4 e6 3. Nc3 Bb4 4. e3 O-O 5. Bd3 d5 6. Nf3 c5 7. O-O dxc4 8. Bxc4
Bd7 9. a3 Ba5 10. Ne2 cxd4 11. Nexd4 Nc6 12. b4 Bb6 13. Bb2 Nxd4 14. Nxd4 Rc8
15. Rc1 Qe7 16. Qf3 Rc7 17. Bd3 Rfc8 18. Rxc7 Rxc7 19. Qf4 Rc8 20. Nf3 Bc7 21.
Qd4 Qd6 22. b5 Qxd4 23. Bxd4 Bb6 24. Bxb6 axb6 25. a4 Kf8 26. Ne5 Rc3 27. Rd1
Be8 28. g3 Ke7 29. Nc4 Nd7 30. Bf1 f6 31. Ra1 Bg6 32. a5 bxa5 33. Nxa5 Be4 34.
Bg2 Bd3 35. Bxb7 Bxb5 36. Be4 f5 37. Rb1 Ba4 38. Rb4 Nc5 39. Bc6 Bc2 40. Rc4
1/2-1/2

[Event "2nd UNAM Open Section I 2012"]
[Site "Mexico City MEX"]
[Date "2012.11.25"]
[Round "9.4"]
[White "Alvarez Pedraza, A."]
[Black "Cordova, E."]
[Result "1-0"]
[WhiteElo "2525"]
[BlackElo "2568"]
[PlyCount "51"]
[EventDate "2012.11.21"]
[SourceDate "1999.07.01"]

1. d4 Nf6 2. c4 e6 3. Nc3 Bb4 4. e3 b6 5. Nge2 Bb7 6. a3 Bd6 7. d5 O-O 8. g3
exd5 9. Bg2 a5 10. cxd5 Na6 11. O-O Re8 12. b3 Be5 13. Bb2 Nc5 14. Qc2 Ba6 15.
Rfd1 Nfe4 16. Nd4 Nxc3 17. Bxc3 Nb7 18. f4 Bd6 19. e4 f6 20. b4 Bc4 21. Nf5 b5
22. Qd2 Qb8 23. Re1 Bf8 24. e5 g6 25. Ne3 f5 26. g4 1-0

[Event "17th Bora Kostic Mem"]
[Site "Vrsac SRB"]
[Date "2012.11.23"]
[Round "4.2"]
[White "Sedlak, N."]
[Black "Cvitan, O."]
[Result "0-1"]
[WhiteElo "2572"]
[BlackElo "2535"]
[PlyCount "112"]
[EventDate "2012.11.20"]
[SourceDate "1999.07.01"]

1. d4 Nf6 2. c4 e6 3. Nc3 Bb4 4. e3 O-O 5. Bd3 d5 6. Nf3 c5 7. O-O dxc4 8. Bxc4
Nbd7 9. Qe2 b6 10. Rd1 cxd4 11. exd4 Bb7 12. d5 Bxc3 13. dxe6 Bxf3 14. gxf3
fxe6 15. bxc3 Qc7 16. Rd4 Kh8 17. Ba3 Nc5 18. Re1 Nh5 19. Bc1 Nf4 20. Qe5 Qxe5
21. Rxe5 Ng6 22. Rh5 Rxf3 23. Be3 Raf8 24. Rg4 Nf4 25. Rhh4 Nh3+ 26. Kg2 Nxf2
27. Bxc5 bxc5 28. Rg3 Rxg3+ 29. hxg3 g5 30. Rh5 Ng4 31. Kh3 Ne5 32. Bxe6 Rf6
33. Bc8 h6 34. Kg2 Nc4 35. Rh1 Ne3+ 36. Kh3 Rf1 37. Rxf1 Nxf1 38. Kg2 Nd2 39.
Bf5 Nc4 40. Bd3 Nd6 41. Kf3 Kg7 42. Kg4 Kf6 43. Kh5 Kg7 44. Kg4 a5 45. a4 Kf6
46. Kh5 c4 47. Bf1 Ne4 48. Bxc4 Nxg3+ 49. Kxh6 Ne4 50. Bb5 Nxc3 51. Bd7 Ne4 52.
Bg4 Nc5 53. Bd1 Kf5 54. Kh5 Kf4 55. Bc2 g4 56. Kh4 g3 0-1

[Event "17th Bora Kostic Mem"]
[Site "Vrsac SRB"]
[Date "2012.11.24"]
[Round "5.3"]
[White "Cvitan, O."]
[Black "Georgiev, Ki"]
[Result "1-0"]
[WhiteElo "2535"]
[BlackElo "2660"]
[PlyCount "97"]
[EventDate "2012.11.20"]
[SourceDate "1999.07.01"]

1. d4 Nf6 2. c4 e6 3. Nc3 Bb4 4. e3 O-O 5. Bd3 c5 6. Nf3 b6 7. O-O Bb7 8. Na4
cxd4 9. exd4 Re8 10. a3 Bf8 11. Re1 d6 12. Nc3 Nbd7 13. b4 a6 14. Bb2 Rc8 15.
Rc1 g6 16. Nd2 Rc7 17. Rc2 Qa8 18. g3 Rec8 19. h4 Bh6 20. Nde4 Ne8 21. Ng5 Nef6
22. d5 e5 23. Nce4 Bxg5 24. Nxg5 b5 25. c5 Bxd5 26. h5 h6 27. Nxf7 Bxf7 28.
Bxg6 dxc5 29. Bxf7+ Kxf7 30. Bxe5 Nxe5 31. Rxe5 cxb4 32. Qd3 Kg8 33. Rxc7 Rxc7
34. Qg6+ Rg7 35. Qxf6 Qf8 36. Qe6+ Kh7 37. axb4 Qf3 38. Qf5+ Qxf5 39. Rxf5 Rc7
40. Rf6 Rc4 41. Rxa6 Rxb4 42. Rb6 Rb2 43. Kg2 b4 44. g4 Rb3 45. f3 Rb1 46. Kg3
b3 47. Rb7+ Kg8 48. Kf4 b2 49. Kf5 1-0

[Event "British Rapidplay"]
[Site "Leeds ENG"]
[Date "2012.11.25"]
[Round "9.1"]
[White "Hawkins, Jo"]
[Black "Gordon, S."]
[Result "1-0"]
[WhiteElo "2511"]
[BlackElo "2533"]
[PlyCount "126"]
[EventDate "2012.11.24"]
[SourceDate "1999.07.01"]

1. d4 Nf6 2. c4 e6 3. Nc3 Bb4 4. e3 O-O 5. Bd3 d5 6. Nf3 b6 7. O-O Bb7 8. cxd5
exd5 9. a3 Bd6 10. b4 a6 11. Qb3 Qe7 12. b5 axb5 13. Nxb5 Nbd7 14. a4 Rfc8 15.
Nxd6 Qxd6 16. Ba3 c5 17. Bf5 Re8 18. Rfc1 Bc6 19. Bxd7 Nxd7 20. dxc5 bxc5 21.
Qc3 Rxa4 22. Bxc5 Qxc5 23. Qxc5 Nxc5 24. Rxa4 Nxa4 25. Rxc6 g6 26. Nd4 Rb8 27.
g4 Rb2 28. g5 Nb6 29. Rc5 Kg7 30. h4 h6 31. Kg2 hxg5 32. hxg5 Nc4 33. Kg3 Nd6
34. f3 Nc4 35. Kf4 Rh2 36. e4 dxe4 37. Rxc4 exf3 38. Nxf3 Rh1 39. Rc7 Rf1 40.
Re7 Kf8 41. Ra7 Rf2 42. Kg3 Rf1 43. Rd7 Rb1 44. Ne5 Rb5 45. Kf4 Rb4+ 46. Kf3
Rb5 47. Ke4 Rb4+ 48. Rd4 Rb1 49. Rd3 Rg1 50. Nf3 Rf1 51. Rd7 Rb1 52. Kf4 Rb4+
53. Rd4 Rb1 54. Rd6 Rb5 55. Nd4 Rb4 56. Ke5 Rb1 57. Rd5 Re1+ 58. Kd6 Rg1 59.
Nf3 Rf1 60. Nd2 Rg1 61. Ne4 Kg7 62. Nf6 Re1 63. Re5 Rg1 1-0

[Event "62nd ch-HUN 2012"]
[Site "Heviz HUN"]
[Date "2012.11.25"]
[Round "4.4"]
[White "Pap, G."]
[Black "Medvegy, Z."]
[Result "0-1"]
[WhiteElo "2553"]
[BlackElo "2561"]
[PlyCount "90"]
[EventDate "2012.11.22"]
[SourceDate "1999.07.01"]

1. d4 Nf6 2. c4 e6 3. Nc3 Bb4 4. e3 b6 5. Nge2 Ne4 6. Bd2 Nxd2 7. Qxd2 d5 8.
cxd5 exd5 9. a3 Be7 10. g3 c6 11. Bg2 O-O 12. O-O a5 13. Qc2 g6 14. f3 Ra7 15.
Rad1 Be6 16. Nf4 Bg5 17. Nce2 Re8 18. e4 dxe4 19. Nxe6 Rxe6 20. fxe4 Re8 21.
Kh1 Rd7 22. Bh3 Rde7 23. Nc3 Qc7 24. e5 Bh6 25. Ne4 Bg7 26. b4 axb4 27. axb4
Rd8 28. Qc4 c5 29. bxc5 bxc5 30. Nxc5 Nd7 31. e6 Nxc5 32. exf7+ Rxf7 33. dxc5
Rxd1 34. Rxd1 Kh8 35. c6 Be5 36. Bd7 Kg7 37. Be6 Re7 38. Qd5 Bf6 39. Re1 Qb6
40. Re2 Ra7 41. Kg2 Re7 42. Rd2 Qc7 43. Bd7 Re5 44. Qc4 Re7 45. Ra2 Rxd7 0-1

[Event "UT Dallas Fall GM Inv 2012"]
[Site "Dallas USA"]
[Date "2012.11.20"]
[Round "8"]
[White "Sadorra, J."]
[Black "Onischuk, Al"]
[Result "1/2-1/2"]
[WhiteElo "2546"]
[BlackElo "2676"]
[PlyCount "120"]
[EventDate "2012.11.16"]
[SourceDate "1999.07.01"]

1. d4 Nf6 2. c4 e6 3. Nc3 Bb4 4. e3 O-O 5. Nge2 d5 6. a3 Be7 7. cxd5 exd5 8.
Nf4 Re8 9. Bd3 c6 10. O-O Nbd7 11. f3 Nf8 12. Bc2 Ng6 13. e4 Nxf4 14. Bxf4 Be6
15. Qd3 g6 16. Rae1 Qd7 17. h3 Rad8 18. Be5 Qc8 19. Qd2 Nd7 20. exd5 cxd5 21.
f4 Nxe5 22. fxe5 Kg7 23. Ba4 Rf8 24. Rc1 Qb8 25. Ne2 Rc8 26. Rcd1 Qc7 27. Nf4
Qb6 28. Rf3 Qd8 29. Rdf1 Bg5 30. Qf2 Qe7 31. Bb3 Rcd8 32. Kh2 f5 33. Nxe6+ Qxe6
34. g4 f4 35. h4 Be7 36. g5 Rf7 37. Qg2 Qb6 38. Rd3 Qe6 39. Rc3 h6 40. gxh6+
Kxh6 41. Qh3 Qb6 42. Rg1 Qxd4 43. Qe6 Rg7 44. h5 Qb6 45. Qxb6 axb6 46. hxg6
Rxg6 47. Rh3+ Kg7 48. Bc2 Rxg1 49. Rh7+ Kg8 50. Kxg1 Bc5+ 51. Kg2 Re8 52. Rh5
Bd4 53. Bb3 Bxe5 54. Bxd5+ Kg7 55. Rf5 Bd6 56. Rf7+ Kh8 57. Kf3 Re7 58. Rxe7
Bxe7 59. Kxf4 Kg7 60. Kf5 Bf6 1/2-1/2

[Event "VIII Governor's Cup"]
[Site "Khanty-Mansiysk RUS"]
[Date "2012.11.19"]
[Round "5.4"]
[White "Romanov, E."]
[Black "Aleksandrov, A."]
[Result "1-0"]
[WhiteElo "2616"]
[BlackElo "2607"]
[PlyCount "68"]
[EventDate "2012.11.15"]
[SourceDate "1999.07.01"]

1. d4 Nf6 2. c4 e6 3. Nc3 Bb4 4. e3 b6 5. Nge2 Ne4 6. Qc2 Bb7 7. a3 Bxc3+ 8.
Nxc3 Nxc3 9. Qxc3 O-O 10. b4 d6 11. Bb2 Nd7 12. c5 dxc5 13. dxc5 Qf6 14. Qxf6
gxf6 15. Bb5 c6 16. Be2 bxc5 17. O-O-O Rfd8 18. Rd6 Kf8 19. Rhd1 Ke7 20. bxc5
a5 21. f4 a4 22. Bc3 Ba6 23. Bf3 Bb5 24. g4 Ke8 25. Bb4 Ra7 26. h4 Rc8 27. g5
f5 28. e4 fxe4 29. Bxe4 Nf8 30. h5 Ra6 31. Bc3 f5 32. gxf6 Be2 33. Re1 Bxh5 34.
f5 Nd7 1-0

[Event "VIII Governor's Cup"]
[Site "Khanty-Mansiysk RUS"]
[Date "2012.11.20"]
[Round "6.3"]
[White "Khairullin, I."]
[Black "Ponkratov, P."]
[Result "1-0"]
[WhiteElo "2642"]
[BlackElo "2589"]
[PlyCount "79"]
[EventDate "2012.11.15"]
[SourceDate "1999.07.01"]

1. d4 Nf6 2. c4 e6 3. Nc3 Bb4 4. e3 d5 5. a3 Bxc3+ 6. bxc3 O-O 7. cxd5 exd5 8.
Bd3 Bg4 9. Ne2 Qd7 10. O-O Bh5 11. f3 Bg6 12. Nf4 Bxd3 13. Qxd3 Qc6 14. g4 Nbd7
15. g5 Ne8 16. e4 dxe4 17. fxe4 Rd8 18. Nd5 Qe6 19. a4 c5 20. Bf4 cxd4 21. cxd4
f5 22. Rae1 Nc5 23. dxc5 fxe4 24. Rxe4 Qxd5 25. Qxd5+ Rxd5 26. Rfe1 Rd8 27. Bg3
Rc8 28. Re7 g6 29. Rxb7 a6 30. Rc1 Ng7 31. c6 Nf5 32. Be5 Rfe8 33. Rc5 Ne7 34.
c7 Kf7 35. Rb6 Nf5 36. Rf6+ Kg8 37. Rxa6 Ne3 38. Rd6 Kf7 39. a5 Ng4 40. Bg3 1-0

[Event "VIII Governor's Cup"]
[Site "Khanty-Mansiysk RUS"]
[Date "2012.11.21"]
[Round "7.1"]
[White "Timofeev, Arty"]
[Black "Khairullin, I."]
[Result "0-1"]
[WhiteElo "2600"]
[BlackElo "2642"]
[PlyCount "96"]
[EventDate "2012.11.15"]
[SourceDate "1999.07.01"]

1. d4 Nf6 2. c4 e6 3. Nc3 Bb4 4. e3 c5 5. Nf3 Nc6 6. Bd3 Bxc3+ 7. bxc3 d6 8. e4
e5 9. h3 h6 10. Be3 b6 11. d5 Ne7 12. a4 Bd7 13. Nd2 O-O 14. Nf1 Nh7 15. Ng3
Ng6 16. Qd2 Nh4 17. f4 exf4 18. Bxf4 Qe7 19. O-O Ng6 20. a5 Ng5 21. Nf5 Bxf5
22. exf5 Nxf4 23. Rxf4 Rae8 24. axb6 axb6 25. f6 Qe3+ 26. Qxe3 Rxe3 27. Bf5 g6
28. h4 gxf5 29. hxg5 Kh7 30. gxh6 Kxh6 31. Rxf5 Kg6 32. Rf4 Rfe8 33. Raf1 R8e4
34. R4f2 Re1 35. Rxe1 Rxe1+ 36. Kh2 Re4 37. Rb2 Kxf6 38. Rxb6 Ke5 39. Rb7 Rxc4
40. Rxf7 Rxc3 41. g4 Kxd5 42. g5 Ra3 43. Re7 c4 44. g6 c3 45. g7 Ra8 46. Rf7
Rg8 47. Rc7 Kd4 48. Kg3 Ke5 0-1

[Event "VIII Governor's Cup"]
[Site "Khanty-Mansiysk RUS"]
[Date "2012.11.23"]
[Round "9.2"]
[White "Timofeev, Arty"]
[Black "Shomoev, A."]
[Result "1/2-1/2"]
[WhiteElo "2600"]
[BlackElo "2568"]
[PlyCount "52"]
[EventDate "2012.11.15"]
[SourceDate "1999.07.01"]

1. d4 Nf6 2. c4 e6 3. Nc3 Bb4 4. e3 O-O 5. Bd3 d5 6. Nf3 c5 7. O-O cxd4 8. exd4
dxc4 9. Bxc4 b6 10. Qe2 Bb7 11. Rd1 Bxc3 12. bxc3 Qc7 13. Bd3 Qxc3 14. Bb2 Qc7
15. d5 Bxd5 16. Bxf6 gxf6 17. Qe3 Kg7 18. Rac1 Qd6 19. Bxh7 Nc6 20. Rxc6 Qxc6
21. Ne5 fxe5 22. Qg5+ Kxh7 23. Qh5+ Kg7 24. Qg5+ Kh7 25. Qh5+ Kg7 26. Qg5+ Kh7
1/2-1/2

[Event "Cultural Village 2012"]
[Site "Wijk aan Zee NED"]
[Date "2012.11.20"]
[Round "2.4"]
[White "Brunello, S."]
[Black "Rozentalis, E."]
[Result "1/2-1/2"]
[WhiteElo "2591"]
[BlackElo "2592"]
[PlyCount "55"]
[EventDate "2012.11.19"]
[SourceDate "1999.07.01"]

1. d4 Nf6 2. c4 e6 3. Nc3 Bb4 4. e3 d5 5. a3 Bxc3+ 6. bxc3 c6 7. Nf3 O-O 8. Bd3
b6 9. cxd5 cxd5 10. Qe2 Bb7 11. Bb2 Qc8 12. c4 dxc4 13. Bxc4 Ba6 14. Bxa6 Qxa6
15. Qxa6 Nxa6 16. Ke2 Rfc8 17. Rhc1 Ne4 18. Ne5 f6 19. Nd3 Kf7 20. a4 Nd6 21.
Rxc8 Rxc8 22. Rc1 Rxc1 23. Nxc1 e5 24. dxe5 Nc4 25. Bc3 Nxe5 26. Nb3 Nc7 27. f4
Nd5 28. Bd2 1/2-1/2

[Event "5th Douglas Martinez"]
[Site "Guarenas VEN"]
[Date "2012.10.30"]
[Round "9.1"]
[White "Arencibia Rodriguez, W."]
[Black "Iturrizaga, E."]
[Result "1-0"]
[WhiteElo "2526"]
[BlackElo "2639"]
[PlyCount "103"]
[EventDate "2012.10.25"]
[SourceDate "1999.07.01"]

1. d4 Nf6 2. c4 e6 3. Nc3 Bb4 4. e3 b6 5. Nge2 c5 6. a3 Ba5 7. Bd2 O-O 8. d5
Bb7 9. Nf4 Qe7 10. Bd3 exd5 11. cxd5 a6 12. O-O b5 13. Nh5 Nxh5 14. Qxh5 g6 15.
Qh6 d6 16. e4 Nd7 17. f4 c4 18. Bc2 Bb6+ 19. Kh1 Bd4 20. Rae1 Bg7 21. Qh3 Nc5
22. Qg3 Rae8 23. Qf2 Kh8 24. e5 f5 25. Be3 Nd7 26. e6 Nf6 27. Qd2 Ba8 28. Bd1
Rb8 29. Bf3 Rfc8 30. Bd4 Ng8 31. Na2 Bxd4 32. Qxd4+ Qg7 33. Qd2 Ne7 34. Rd1 Rc5
35. Qa5 Bxd5 36. Qxa6 Bxf3 37. Rxf3 Nc6 38. Nb4 Qc7 39. Re3 Nxb4 40. axb4 Rc6
41. Qa3 Qe7 42. Rd5 Kg8 43. h3 Rc7 44. Qc3 Rc6 45. Rxf5 Qg7 46. Qxg7+ Kxg7 47.
Rf7+ Kg8 48. Rd7 Ra6 49. f5 Rf8 50. f6 Raa8 51. f7+ Kg7 52. Rxd6 1-0

[Event "Bundesliga 2012-13"]
[Site "Bremen GER"]
[Date "2012.11.11"]
[Round "4"]
[White "Spoelman, W."]
[Black "Adams, Mi"]
[Result "1/2-1/2"]
[WhiteElo "2541"]
[BlackElo "2720"]
[PlyCount "41"]
[EventDate "2012.10.20"]
[EventType "team"]
[SourceDate "1999.07.01"]
[WhiteTeam "SK Turm Emsdetten"]
[BlackTeam "OSC Baden-Baden"]

1. d4 Nf6 2. c4 e6 3. Nc3 Bb4 4. e3 O-O 5. Nge2 c6 6. a3 Ba5 7. Bd2 d5 8. Ng3
Nbd7 9. cxd5 exd5 10. Bd3 Re8 11. O-O Nf8 12. b4 Bc7 13. b5 Ng6 14. bxc6 bxc6
15. f3 h5 16. Qc2 h4 17. Nf5 h3 18. g3 Nf8 19. Kh1 Rb8 20. Ne2 Ba5 21. Bc1
1/2-1/2